Utility poles - Statistics

General Stats
  • This quiz has been taken 8 times
  • The average score is 5 of 16
Answer Stats
Picture Answer % Correct
Canada
100%
Ecuador
100%
Estonia
100%
France
100%
Guatemala
100%
Israel
100%
Italy
100%
Latvia
100%
New Zealand
100%
North Macedonia
100%
Poland
100%
Portugal
100%
Romania
100%
Spain
100%
Botswana
67%
India
67%
Australia
50%
Bangladesh
50%
Bulgaria
50%
Czech Republic
50%
Ireland
50%
Peru
50%
Philippines
50%
Sweden
50%
Brazil
33%
Curacao
33%
South Africa
33%
Ukraine
33%
Belgium
25%
Albania
0%
Argentina
0%
Bolivia
0%
Cambodia
0%
Chile
0%
Christmas Island
0%
Colombia
0%
Dominican Republic
0%
Estonia
0%
Eswatini
0%
Ghana
0%
Greece
0%
Greenland
0%
Guam
0%
Hungary
0%
Indonesia
0%
Japan
0%
Kenya
0%
Kyrgyzstan
0%
Lesotho
0%
Lithuania
0%
Luxembourg
0%
Madagascar
0%
Malaysia
0%
Mali
0%
Mexico
0%
Montenegro
0%
Netherlands
0%
Nigeria
0%
Norway
0%
Puerto Rico
0%
Russia
0%
Rwanda
0%
Senegal
0%
Serbia
0%
Singapore
0%
Slovakia
0%
South Korea
0%
Sri Lanka
0%
Switzerland
0%
Taiwan
0%
Thailand
0%
Tunisia
0%
Turkey
0%
Uganda
0%
United Kingdom
0%
Uruguay
0%
No matching quizzes found
Score Distribution
Percent of People with Each Score
Percentile by Number Answered
Your Score History
You have not taken this quiz